Compendio de derecho de las obligaciones (Registro nro. 649)

Detalles MARC
000 -LEADER
fixed length control field 02546 a2200229 4500
001 - CONTROL NUMBER
control field 15470
005 - DATE AND TIME OF LATEST TRANSACTION
control field 20260407155450.0
008 - FIXED-LENGTH DATA ELEMENTS--GENERAL INFORMATION
fixed length control field 260407a1986 arg spa d
003 - CONTROL NUMBER IDENTIFIER
control field AR-UNSa-BCEJYS
040 ## - CATALOGING SOURCE
Original cataloging agency AR-UNSa-BCEJYS
Language of cataloging spa
Transcribing agency AR-UNSa-BCEJYS
080 ## - UNIVERSAL DECIMAL CLASSIFICATION NUMBER
Universal Decimal Classification number 347.41
Common auxiliary subdivision Obligaciones en general (civil)
020 ## - INTERNATIONAL STANDARD BOOK NUMBER
International Standard Book Number 950-536-020-7
100 1# - MAIN ENTRY--PERSONAL NAME
Personal name Trigo Represas, Félix A
245 10 - TITLE STATEMENT
Title Compendio de derecho de las obligaciones
264 #1 - PRODUCTION, PUBLICATION, DISTRIBUTION, MANUFACTURE, AND COPYRIGHT NOTICE
Place of production, publication, distribution, manufacture La Plata :
Name of producer, publisher, distributor, manufacturer LEP (Librería Editora Platense)
Date of production, publication, distribution, manufacture, or copyright notice 1986
300 ## - PHYSICAL DESCRIPTION
Extent 2 v. (812, 990 p.)
Dimensions 23 cm.
505 ## - FORMATTED CONTENTS NOTE
Formatted contents note Vol. I: 1. Nociones generales - 2. Elementos de las obligaciones - 3. Efectos de las obligaciones - 4. Efectos de las obligaciones (conclusión). La indemnización del daño - 5. Derechos del acredor sobre el patrimonio del deudor - 6. Inejecución inimputable - 7. Clasificación - 8. Obligaciones de prestación determinada - 9. Obligaciones en cuanto a la naturaleza del objeto (continuación) - 10. Obligaciones de sujeto múltiple o plurarl. Obligaciones divisibles e indivisibles - 11. Obligaciones de sujeto múltiple o plural (continuación). Obligaciones simplemente mancomunadas y solidarias - 12. Obligaciones modales - 13. Obligaciones modales (conclusión). Obligaciones prinicipales y accesorias -- Vol. II: 14. Transmisión de las obligaciones - 15. Trasmisión de las obligaciones (conclusión) - 16. Reconocimiento de las obligaciones - 17. Medio de extinción de las obligaciones. Generalidades - 18. Pago - 19. Pago por consignación - 20. Novación - 21. Dación en pago - 22. Compensación - 23. Transaccion - 24. Confusión - 25. Renuncia y remisión de deuda - 26. Imposibilidad de pago - 27. Prescripción extintiva - 28. Extinción global de las obligaciones - 29. Fuentes de las obligaciones - 30. Actos ílicitos y responsabilidad civil - 31. Deslinde de los campos de la responsabilidad contractual y delictual - 32. Elementos de la responsabilidad civil extracontractual: El daño - 33. Elementos de la responsabilidad civil extracontractual: La infracción de un deber jurídico - 34. Elementos de la responsabilidad civil extracontractual: Relación de causalidad e imputabilidad - 35. Responsabilidad por el hecho de otro - 36. Responsabilidad por el hecho de las cosas - 37. Ejercicio de la acción indemnizatoria - 38. Relaciones entre la acción civil y la penal
590 ## - LOCAL NOTE (RLIN)
Local note niveau_biblio:m niveau_hierar:0
700 1# - ADDED ENTRY--PERSONAL NAME
Personal name Cazeaux, Pedro N.
856 41 - ELECTRONIC LOCATION AND ACCESS
Uniform Resource Identifier <a href="https://biblioeco.unsa.edu.ar/pmb/images/libros/L119068.jpg">https://biblioeco.unsa.edu.ar/pmb/images/libros/L119068.jpg</a>
Link text Imagen de portada
Electronic format type image/jpeg
942 ## - ADDED ENTRY ELEMENTS (KOHA)
Koha item type
Existencias
Withdrawn status Lost status Damaged status Not for loan Home library Current library Shelving location Date acquired Total checkouts Full call number Barcode Date last seen Price effective from Koha item type
        Biblioteca Prof. Eusebio Cleto del Rey Biblioteca Prof. Eusebio Cleto del Rey   07/04/2026   347.41 C386 v.1 L119068 07/04/2026 07/04/2026 Libro
        Biblioteca Prof. Eusebio Cleto del Rey Biblioteca Prof. Eusebio Cleto del Rey   07/04/2026   347.41 C386 v.2 L119069 07/04/2026 07/04/2026 Libro